| 000 | 00851nam a2200277Ia 4500 | ||
|---|---|---|---|
| 003 | OSt | ||
| 005 | 20220928121400.0 | ||
| 006 | a|||||r|||| 00| 0 | ||
| 007 | ta | ||
| 008 | 220927b |||||||| |||| 00| 0 eng d | ||
| 020 | _cINR 1299.00 | ||
| 024 | _a133987 | ||
| 037 |
_b0284, 08/03/2017, Bookwell Publications _cTextual |
||
| 040 |
_aSDCL _cSDCL _beng |
||
| 041 |
_2eng _aeng |
||
| 082 | _aNW2g, Q2 LR | ||
| 100 |
_aAscher Steven _9451789 |
||
| 245 | 0 |
_aFilmmakers handbook _b A comprehensive guide for the digital age |
|
| 250 | _a4th | ||
| 260 |
_aNew York _b A Plume book _c2012 |
||
| 300 |
_axii,818p. _ccm. |
||
| 650 | _aReference | ||
| 700 |
_a Pincus Edward _9451790 |
||
| 942 |
_hNW2g, Q2 LR _cTEXL _2CC |
||
| 999 |
_c765797 _d765797 |
||